000 00253nam a22001217a 4500
020 _a978-81-83555-66-1
082 _a494
_bMAP/N
245 _aNIBHANDHAVALI
260 _aINDIA
_bMAPLE PRESS
300 _a240
650 _aHINDI ESSAY
_zINDIA
942 _cBK
999 _c7286
_d7286